000 00196nam a22000857a 4500
008 170209b xxu||||| |||| 00| 0 eng d
100 _92818
_aCoelho.P
245 _aThe Syp
260 _aUSA
_bPenguin
_c2016
999 _c6033
_d6033